| 000 | 00434nam a2200193Ia 4500 | ||
|---|---|---|---|
| 003 | OSt | ||
| 005 | 20251024104546.0 | ||
| 008 | 250729s1990 xx 000 0 und d | ||
| 020 | _a9780440206583 | ||
| 040 | _cAL | ||
| 041 | _aeng | ||
| 082 | _a823 BACS | ||
| 100 |
_aBach Richard _9223299 |
||
| 245 | _aStranger to the ground | ||
| 260 |
_aNew York _c1990 |
||
| 300 | _a178p | ||
| 650 |
_aFiction _9223300 |
||
| 942 |
_2ddc _cBED |
||
| 999 |
_c235838 _d235838 |
||